| 000 | 00897nam a22002057a 4500 | ||
|---|---|---|---|
| 003 | OSt | ||
| 005 | 20260317020438.0 | ||
| 008 | 260317b |||||||| |||| 00| 0 eng d | ||
| 020 | _a0-06-440864-7 | ||
| 040 |
_aDWCL GS lib _cOC |
||
| 100 | _aSNICKET, LEMONY | ||
| 245 |
_a The ersatz elevator _cSNICKET, LEMONY |
||
| 260 |
_a New York _bHarper Collins Publishers, _c2001. |
||
| 300 |
_avii, 259 pages _c18cm. |
||
| 520 | _aIn The Ersatz Elevator (Book 6 of A Series of Unfortunate Events), the Baudelaire orphans are placed with wealthy, trendy guardians Jerome and Esmé Squalor on "Dark Street." They discover their friends, the Quagmires, are hidden in an empty elevator shaft by Count Olaf—disguised as Gunther—before the villains escape. | ||
| 546 | _aEnglish | ||
| 650 | _2Children's Fiction | ||
| 650 | _2Bravery Inspired by Trustworthiness | ||
| 942 |
_2ddc _cFIC. _hFic. _n0 |
||
| 999 |
_c9197 _d9197 |
||